000
00462nam a2200181Ia 4500
008
090124s9999 xx 000 0 und d
082
_b
121902
100
_a
हसमनीस द.का.
245
_a
चिंगळी
250
_a
1
260
_c
1987
300
_a
192
600
_a
हसमनीस द.का.
630
_a
चिंगळी
700
_a
हसमनीस द.का.
730
_a
चिंगळी
942
_c
BOOK
999
_c
167988
_d
167988